000 01097nam a2200337 a 4500
001 000013550
003 DO-SdBPM
005 20250908142516.0
007 ta
008 091125s2006 sp 000 0 spa d
020 _a9788493473914
040 _aDO-SdBPM
_bspa
_cBPMSU
_erda
082 4 _a823.8
_bM449e 2006
_222
100 1 _aMaugham, William Somerset,
_d1874-1965.
_eautor
240 1 0 _aThe narrow corner
_lEspañol
245 1 0 _aEl estrecho rincón /
_cW. Somerset Maugham ; traductor Eduardo Rabasa.
264 _aMadrid :
_bSextopiso Editorial,
_c2006.
300 _a243 páginas ;
_c22 cm.
336 _atexto
_btxt
_2rdacontent
337 _asin mediación
_bn
_2rdamedia
338 _avolumen
_bnc
_2rdacarrier
490 0 _aNarrativa sexto piso,
_v1
500 _aIncluye datos biográficos del autor en la solapa de la cubierta
590 _aInventariado, 2025/VM
650 7 _aNovela inglesa
650 7 _aNovela amorosa.
650 7 _aTraición
_vNovela.
700 1 _aRabasa, Eduardo,
_etraductor
910 _aVMateo V. Control de calidad. BPMSU
942 _2ddc
_cBK
999 _c8697
_d8697